000 00550nam a22001937a 4500
999 _c167549
_d167549
005 20190906160855.0
010 _aENG-126372
020 _a978-93-8679-738-4
_c499.00
035 _aEN-109904
037 _bDBAD/PUB
082 _aN
100 _aHariharan, Githa
245 _aI have become the tide /
_cby Githa Hariharan
260 _bSimon and Schuster
_c2019
_aNew Delhi
270 _a818, Indraprakash Building,21, Barakhamba Road
_bNew Delhi
_e110001
300 _a332p.
_c23cm.(hb)
650 _aEnglish Novel
942 _2ddc
_cEN
_hN
_mHAR